000 00833cam a2200241 u 4500
001 78051
003 BD-RjUL
005 20211209083101.0
008 210311s2003 le || |000 0 ara |
020 _a977142534X
035 _a(BD-RjUL)78277
040 _aUkOxU
_cUkOxU
_beng
041 _aara
066 _c(3
082 _223
_a892.709
_bHEN 2004
100 1 _a هلال، محمد غنيمي ;; Hilal, Mohamed Ghoneimi
_9245907
245 1 0 _a النقد الأدبي الحديث ;; al-naqd al-adabī al-ḥadīth /
_cمحمد غنيمي هلال ;; Mohammed Ghanimi Hilal
260 _aنهضة مصر :
_b للطباعة والنشر التوزيع,
_c2003
300 _a668 p. ;
_c25 cm.
650 0 _aArabic literature
_y20th century
_xHistory and criticism
_9245908
650 0 _aCriticism.
_9245909
942 _2ddc
_cBK
999 _c78051
_d78051